| 000 | 00355nam a2200133Ia 4500 | ||
|---|---|---|---|
| 008 | 240624s9999 xx 000 0 und d | ||
| 041 | _aeng | ||
| 082 | _a658.4092 HED | ||
| 100 | _aHEDRICK LARRY | ||
| 245 | _aXENOPHON S CYRUS THE GREAT THE ARTS OF L | ||
| 260 |
_c2006 _aNew York _bTruman Talley Books |
||
| 300 | _axx, 295 p.; 23 cm. | ||
| 365 |
_cRS _b38 |
||
| 999 |
_c31289 _d31289 |
||